000 00563cam a22002171 4500
001 sa 68016401
003 DLC
005 20260227112654.0
008 720629s1962 xx 000 0 ind
010 _asa 68016401
035 _a(OCoLC)344781
040 _aDLC
_cOAU
_dDLC
042 _apremarc
050 0 0 _aLA1273
_b.K28
100 1 _aKartohadiprodjo, Sudiman.
245 1 0 _aCurriculum perguruan tinggi.
260 _a[Bandung,
_c1962?]
300 _a13 l.
_c34 cm.
650 0 _aEducation, Higher
_zIndonesia.
650 0 _aEducation, Higher
_xCurricula.
999 _c87070
_d87070